Tilastot visalle Suomalaiset poliitikot - Kuvavisa #5

Klikkaa tästä pelataksesi tätä visaa!

Yleistilastot

  • Tätä visaa on pelattu 147 kertaa
  • Keskiarvotulos 9 / 12

Vastaustilastot

Vastaus% Oikein
Timo Soini
99%
Urho Kekkonen
99%
Matti Vanhanen
96%
Sari Essayah
83%
Paavo Arhinmäki
76%
Erkki Tuomioja
74%
Laura Huhtasaari
72%
Osmo Soininvaara
60%
Anni Sinnemäki
58%
Jussi Niinistö
55%
Erkki Liikanen
52%
Paula Risikko
44%

Tulosjakauma

Persentiili vastausten määrän mukaan

Jokaisen tuloksen saaneiden osuus

Tuloshistoriasi

Et ole pelannut tätä visaa